Normale Ansicht MARC-Ansicht ISBD

Decolonization in Germany : (Titelsatznr. 15219)

[ MARC ]
MARC-Details
000 -Satzkennung
Kontrollfeld mit fester Länge 00682nam a22002291c 4500
001 - Kontrollnummer
Kontrollfeld 491628331
008 - Feld mit fester Länge zur physischen Beschreibung - Allgemeine Angaben
Kontrollfeld mit fester Länge 080522s2005 gw |||| 000u eng d
020 ## - Internationale Standardbuchnummer
Internationale Standardbuchnummer 3039102834
Verknüpfung 3-03-910283-4
041 ## - Sprachcode
Sprachcode des Textes/der Tonspur oder des separaten Titels eng
040 ## - Katalogisierungsquelle
Übertragungsstelle RU-10907106
003 - Kontrollnummer Identifier
Kontrollfeld RU-10907106
100 1# - Haupteintragung - Personenname
Personenname Poley, Jared
245 00 - Titel
Titel Decolonization in Germany :
Zusatz zum Titel Weimar narratives of colonial loss and foreign occupation /
Verfasserangabe etc. Jared Poley
264 ## - Produktion, Veröffentlichung, Distribution, Herstellung und Urheberrechtsvermerk
Herstellungs-, Veröffentlichungs- Vertriebs-, Erzeugungsort Oxford [u.a.] :
Produzent, Herausgeber, Distributor, Hersteller Lang,
Datum der Herstellung, der Veröffentlichung, des Vertriebs oder des Urheberschutzvermerks 2005
300 ## - Physische Beschreibung
Umfang 281 S. ; 225 mm x 150 mm
490 #0 - Gesamttitelangabe
Gesamttitelangabe Studies in modern German literature
Bandnummer/Folgebezeichnung 99
650 #0 - Nebeneintragung unter einem Schlagwort - Sachschlagwort
Sachschlagwort oder geografischer Name als Eintragungselement Kolonialismus
650 #0 - Nebeneintragung unter einem Schlagwort - Sachschlagwort
Sachschlagwort oder geografischer Name als Eintragungselement Imperialismus
650 #0 - Nebeneintragung unter einem Schlagwort - Sachschlagwort
Sachschlagwort oder geografischer Name als Eintragungselement Versailler Vetrag
650 #0 - Nebeneintragung unter einem Schlagwort - Sachschlagwort
Sachschlagwort oder geografischer Name als Eintragungselement Entkolonialisierung
942 ## - Zusätzliche Felder (Koha)
Koha-Medientyp Monographien
Exemplare
Ausgeschieden Verloren Klassifikation oder Aufstellungssystematik Beschädigt Nicht entleihbar Heimatbibliothek Aufenthaltsbibliothek Aufstellungsort Erwerbungsdatum Inventarnummer Signatur Barcode Letzte Aktivität Preis gültig von Koha-Medientyp
    Andere/Generische Klassifikation     MWN Osteuropa MWN Osteuropa Lesesaal - 1 22/05/2008 08-02348 D 44 s Pol E00401506CBF5DD8 22/02/2021 22/03/2021 Monographien